000 01045nam a2200277Ia 4500
003 OSt
005 20221005110941.0
006 a|||||r|||| 00| 0
007 ta
008 221004b |||||||| |||| 00| 0 hin d
020 _a9789350643938 (pbk)
_cINR 265.00
024 _a37956
037 _b1514, 26/02/2018, Bright Book Service
_cTextual
040 _aCRL
_cCRL
_bhin
041 _2hin
_ahin
082 _aO152,3NPA,PA, Q6
100 _aपैन्यूली, अर्चना, ले.
245 0 _aपॉल की तीर्थयात्रा
246 _aPaॉl kī tīrthayātrā
260 _aनई दिल्ली
_bराजपाल एण्ड सन्ज़ भारत
_c2016
300 _a191पृ0
_ccm.
650 _a हिन्दी साहित्य
650 _aहिन्दी कहानी
942 _hO152,3NPA,PA, Q6
_cTEXL
_2cc
999 _c1020348
_d1020348